Statistiques concernant Pays indépendant n'étant pas affilié à la FIFA

Cliquez ici pour prendre le quiz!

Statistiques générales

  • Ce quiz a été pris 81 fois
  • Le résultat moyen est 6 sur 8

Statistiques - réponses

Continentpays% Correct
EuropeVatican
89%
OcéanieMicronésie
83%
EuropeMonaco
83%
OcéanieNauru
82%
OcéanieTuvalu
82%
OcéaniePalaos
80%
OcéanieKiribati
75%
OcéanieMarshall
69%

Distribution des résultats

Percentile par nombre de réponses

% des personnes avec chaque résultat

Votre développement - résultats

Vous n’avez pas pris ce quiz